Data Mining : (Record no. 5264)
[ view plain ]
| 000 -LEADER | |
|---|---|
| fixed length control field | 01014nac a22002411u 4500 |
| 008 - FIXED-LENGTH DATA ELEMENTS--GENERAL INFORMATION | |
| fixed length control field | 120401t xxu||||| |||| 00| 0 eng d |
| 010 ## - LIBRARY OF CONGRESS CONTROL NUMBER | |
| LC control number | 2005272379 |
| 020 ## - INTERNATIONAL STANDARD BOOK NUMBER | |
| International Standard Book Number | 8120327942 |
| 020 ## - INTERNATIONAL STANDARD BOOK NUMBER | |
| International Standard Book Number | 9788120327948 |
| 035 ## - SYSTEM CONTROL NUMBER | |
| System control number | (OCoLC)ocm56639573 |
| 082 04 - DEWEY DECIMAL CLASSIFICATION NUMBER | |
| Classification number | 006.3 |
| Item number | DAT |
| 100 ## - MAIN ENTRY--PERSONAL NAME | |
| Personal name | 20080729 |
| 9 (RLIN) | 29519 |
| 245 00 - TITLE STATEMENT | |
| Title | Data Mining : |
| Remainder of title | Next Generation Challenges and Future Directions / |
| Statement of responsibility, etc | Edited by Hillol Kargupta ... [et al.]. |
| 260 ## - PUBLICATION, DISTRIBUTION, ETC. (IMPRINT) | |
| Place of publication, distribution, etc | Menlo Park, Calif. : |
| Name of publisher, distributor, etc | AAAI ; |
| Place of publication, distribution, etc | Cambridge, Mass. : |
| Name of publisher, distributor, etc | MIT Press, |
| Date of publication, distribution, etc | 2004 |
| 300 ## - PHYSICAL DESCRIPTION | |
| Extent | xviii, 558 p. : |
| Other physical details | ill. ; |
| Dimensions | 23 cm. |
| 500 ## - GENERAL NOTE | |
| General note | distributer: Al-Ahram |
| 504 ## - BIBLIOGRAPHY, ETC. NOTE | |
| Bibliography, etc | Includes bibliographical references (p. [482]-551) and index. |
| 511 ## - PARTICIPANT OR PERFORMER NOTE | |
| Participant or performer note | catalogued by: wessam |
| 650 #0 - SUBJECT ADDED ENTRY--TOPICAL TERM | |
| Topical term or geographic name as entry element | Data mining. |
| 9 (RLIN) | 29520 |
| 700 1# - ADDED ENTRY--PERSONAL NAME | |
| Personal name | Kargupta, Hillol, |
| Dates associated with a name | 1967- |
| 9 (RLIN) | 29521 |
| 942 ## - ADDED ENTRY ELEMENTS (KOHA) | |
| Item type | Book - Borrowing |
| Call number prefix | 006.3 DAT |
| Source of classification or shelving scheme | Dewey Decimal Classification |
| Withdrawn status | Item status | Source of classification or shelving scheme | Damaged status | Not for loan | Vendor | Home library | Current library | Shelving location | Date acquired | Source of acquisition | Total Checkouts | Full call number | Barcode | Date last seen | Date last borrowed | Koha item type |
|---|---|---|---|---|---|---|---|---|---|---|---|---|---|---|---|---|
| Dewey Decimal Classification | Central Library | Central Library | Lower Floor | 23/10/2007 | 1 | 006.3 DAT | 000006629 | 15/07/2025 | 14/09/2010 | Book - Borrowing |